1317 1965 1068 1135 1540 1852 1732 1704 1525 1379 1771 1684 1118 1614 1237 1931 1591 1415 1039 1116 1262 1928 1249 1034 1912 1881 1952 1150 1794 1794 1510 1587 1619 1760 1552 1238 1845 1809 1797 1868 1257 1391 1312 1278 1305 1137 1796 1916 1726 1073 1552 1092 1477 1489 1744 1982 1104 1209 1914 1523 1559 1033 1385 1770 1625 1389 1155 1572 1383 1906 1418 1127 1259 1941 1824 1391 1124 1738 1373 1620 1350 1174 1492 1137 1809 1001 1930 1751 1465 1362 1153 1671 1177 1787 1916 1549 1417 1771 1471 BCNSPRNW ULIB Ver.6.0+V

เปลี่ยนเป็นภาษาไทย

Change to English
 แสดงรายละเอียดบรรณานุกรม
  กลับหน้าหลัก

Brief Record : Get Marc (ISO 2709) : E-mail record : QR code < ปิดหน้าต่าง
LEADER : 00000nam 2200000uu 4500
001    13399113610
003     ULIB
008    111207s2551||||th 000 0 tha d
020    ^a9789747519198
090    ^aนว.^bL271ร 2551
100 0  ^aLucky
245 00 ^aรักนี้ ตราบสิ้นกาลเวลา/^cLucky
250    ^aพิมพ์ครั้งที่ 1
260    ^aกรุงเทพฯ :^bSugar Beat,^c2551
300    ^a368 หน้า
710 1  ^aSugar Beat
945    ^p240^l0^i15043
995    ^aทศพร
999 ^a ทศพร
รายการนี้ยังไม่มีแท็ก
คุณยังไม่ได้ล็อกอิน คุณสามารถมีกิจกรรมร่วมกับเว็บไซต์ได้ แต่ต้องล็อกอินก่อน ::
  ล็อกอิน

รายการสื่อสารสนเทศ

ลำดับที่ ประเภท เลขเรียก/บาร์โค้ด สถานที่ สถานะ
1. นวนิยาย
นวนิยาย
นว. L271ร 2551 ฉ.1 
  Barcode: 15043
ห้องสมุดวิทยาเขตสวรรค์ประชารักษ์
►นวนิยาย
บนชั้น
  ขอยืม

รายการใกล้เคียง
    ผู้แต่ง [Lucky]

BibComment


ยังไม่เคยถูกคอมเมนท์

คอมเมนท์ทรัพยากรรายการนี้
  คอมเมนท์: รักนี้ ตราบสิ้นก..


 Copyright 2026. Bcnsprnw @Library